000 00716nam a22002297a 4500
003 UA-OsUOA
001 70877
007 ta
008 20100922b un ||||| |||| 00| 0 ukr d
090 _a94(477.85)
_bН40
942 _cBK
040 _aUA-OsUOA
_bukr
_cUA-OsUOA
_dUA-OsUOA
245 _aНевідома війна: Перша світова війна на сторінках "Православного буковинського календаря" 1914-1918
300 _a167 с.
955 _a2
041 _aukr
080 _a94(477.85)
020 _a966-407-007-6
260 _aЧернівці
_c2007
650 7 _a9 Географія. Біографії. Історія
_2UDC
999 _c357151
_d357151